Business organisation and management (Record no. 5604)

MARC details
000 -LEADER
fixed length control field 00608cam a2200217ua 4500
001 - CONTROL NUMBER
control field 6460
005 - DATE AND TIME OF LATEST TRANSACTION
control field 20260515114044.0
008 - FIXED-LENGTH DATA ELEMENTS--GENERAL INFORMATION
fixed length control field 131210n ii |||gr||||Z||||||eng
040 ## - CATALOGING SOURCE
Transcribing agency MAIN
082 ## - DEWEY DECIMAL CLASSIFICATION NUMBER
Classification number 338.7
245 ## - TITLE STATEMENT
Title Business organisation and management
Statement of responsibility, etc. By S.S. Sarkar
250 ## - EDITION STATEMENT
Edition statement 2nd rev. & enlarged ed.
260 ## - PUBLICATION, DISTRIBUTION, ETC.
Place of publication, distribution, etc. Ludhiana:
Name of publisher, distributor, etc. Kalyani publishers,
Date of publication, distribution, etc. 1994.
Place of publication, distribution, etc. New delhi:
300 ## - PHYSICAL DESCRIPTION
Extent x,716p.
653 ## - INDEX TERM--UNCONTROLLED
Uncontrolled term Commerce
653 ## - INDEX TERM--UNCONTROLLED
Uncontrolled term Business organisation and management
700 ## - ADDED ENTRY--PERSONAL NAME
Personal name Sarkar,S.S.,
Relator term Author.,
700 1# - ADDED ENTRY--PERSONAL NAME
Personal name Sharma,R.K.,
Relator term Author.
700 1# - ADDED ENTRY--PERSONAL NAME
Personal name Gupta,Shashi K.,
Relator term Author.
942 ## - ADDED ENTRY ELEMENTS (KOHA)
Koha item type Books
Holdings
Withdrawn status Lost status Damaged status Not for loan Home library Current library Shelving location Date acquired Total checkouts Full call number Barcode Date last seen Copy number Price effective from Koha item type
        Naharkatiya College Library Naharkatiya College Library General stacks 09/19/2020   338.7 | SAR 13276 09/19/2020 1 09/19/2020 Books